| 000 | 00806nam a2200229Ii 4500 | ||
|---|---|---|---|
| 003 | JO-AjNU | ||
| 008 | 230605s9999||||xx |||||||||||||| ||und|| | ||
| 017 | _a2006/7/1753 | ||
| 020 | _a9957-18-130-0 | ||
| 040 |
_aJO-AjNU _bara _erda _cJO-AjNU |
||
| 041 | _aara | ||
| 050 | 1 | 4 | _aDS79.9.B25.B33 2007 |
| 100 | 3 |
_aترجمة وتعليق الزيدي، وليد كاصد, _eauthor _935731 |
|
| 245 | 0 | 0 | _aبغداد في مذكرات الرحالة الفرنسيين بين القرنين (17-20) الميلاديين |
| 250 | _aط1 | ||
| 264 | 3 | 1 | _aعمان: دار المناهج، 2007 |
| 300 | _a144ص | ||
| 336 |
_atext _btxt _2rdacontent |
||
| 337 |
_aunmediated _bn _2rdamedia |
||
| 338 |
_avolume _bnc _2rdacarrier |
||
| 650 | 4 |
_aبغداد(العراق) - وصف رحلات- تاريخ _935732 |
|
| 999 |
_aA14780 _c18348 _d18348 |
||